Gaming Quiz

Random Gaming or Video Games Quiz

Pokémon (Gen VI) Quiz Stats

Quiz Updated Nov 23, 2016

Challenge
Share
Tweet
Embed
Score 0/72 Timer 06:00
10 Plays Today
Number Pokémon % Correct
650Chespin
93.7%
658Greninja
90.1%
656Froakie
90.1%
653Fennekin
87.2%
655Delphox
85.2%
657Frogadier
84.4%
652Chesnaught
84.3%
654Braixen
81.2%
716Xerneas
80.2%
651Quilladin
79.1%
717Yveltal
78%
663Talonflame
77.3%
718Zygarde
77%
661Fletchling
72.7%
662Fletchinder
71.4%
659Bunnelby
66.7%
719Diancie
65.9%
660Diggersby
64.3%
706Goodra
63.3%
700Sylveon
62.9%
664Scatterbug
62.7%
666Vivillon
62.3%
704Goomy
61.7%
720Hoopa
61.5%
665Spewpa
61.2%
721Volcanion
59%
669Flabébé
58.9%
715Noivern
57.6%
714Noibat
57.5%
668Pyroar
57.4%
667Litleo
57.2%
671Florges
57.2%
696Tyrunt
56.9%
697Tyrantrum
56.3%
670Floette
56.2%
701Hawlucha
55.4%
Number Pokémon % Correct
705Sliggoo
55.3%
673Gogoat
55.1%
680Doublade
54.7%
674Pancham
54.5%
679Honedge
53.9%
681Aegislash
53.6%
675Pangoro
52.8%
672Skiddo
52.4%
702Dedenne
52.3%
699Aurorus
51.5%
685Slurpuff
51%
698Amaura
50.7%
683Aromatisse
50.6%
682Spritzee
49.8%
684Swirlix
49.5%
678Meowstic
48.7%
694Helioptile
48.5%
710Pumpkaboo
48.5%
691Dragalge
48.3%
677Espurr
48.2%
707Klefki
48%
690Skrelp
47.9%
695Heliolisk
47.8%
713Avalugg
46%
676Furfrou
45.8%
709Trevenant
45.8%
693Clawitzer
45.7%
692Clauncher
45.5%
711Gourgeist
45.1%
686Inkay
43.7%
708Phantump
43.6%
687Malamar
42.9%
712Bergmite
42.9%
703Carbink
42.4%
689Barbaracle
38.7%
688Binacle
38.6%

You're not logged in!

Compare scores with friends on all Sporcle quizzes.
Join for Free
OR
Log In

You Might Also Like...

Show Comments

Extras

Top Quizzes Today


Score Distribution

Your Account Isn't Verified!

In order to create a playlist on Sporcle, you need to verify the email address you used during registration. Go to your Sporcle Settings to finish the process.

Report this User

Report this user for behavior that violates our Community Guidelines.

Details: